Quiz : Quel pays est le plus grand - Statistiques

Statistiques générales
  • Ce quiz a été pris 156 fois
  • Le résultat moyen est 5 sur 10
Statistiques - réponses
Question Réponse % Correct
Lequel de ces pays est le plus grand en superficie ? Mexique
86%
Lequel de ces pays est le plus grand en superficie ? Émirats arabes unis
79%
Lequel de ces pays est le plus grand en superficie ? Kirghizistan
69%
Lequel de ces pays est le plus grand en superficie ? Birmanie
59%
Lequel de ces pays est le plus grand en superficie ? Inde
45%
Lequel de ces pays est le plus grand en superficie ? Uruguay
41%
Lequel de ces pays est le plus grand en superficie ? Pérou
31%
Lequel de ces pays est le plus grand en superficie ? Samoa
24%
Lequel de ces pays est le plus grand en superficie ? Guyana
21%
Lequel de ces pays est le plus grand en superficie ? Yemen
14%
Aucun quiz correspondant
Distribution des résultats
% des personnes avec chaque résultat
Percentile par nombre de réponses
Votre historique - résultats
Vous n’avez pas pris ce quiz